| 000 | 01013nam a2200337 a 4500 | ||
|---|---|---|---|
| 001 | 1408789 | ||
| 003 | OSt | ||
| 005 | 20160712152348.0 | ||
| 008 | 891101s1984 wiua j 000 1 eng | ||
| 010 | _a 83091424 | ||
| 020 | _a0880380772 | ||
| 040 |
_aDLC _cDLC _dDLC |
||
| 042 | _alcac | ||
| 050 | 0 | 0 |
_aPZ 7 _b.F873 1984 |
| 082 | 0 | 0 |
_aKF _bF88eq 1984 |
| 100 | 1 |
_aFrench, Laura _d1949- _96186 |
|
| 245 | 1 | 4 |
_aThe dragon's ransom / _cLaura French. |
| 260 |
_aWI, USA : _bTSR, Inc., _cc1984. |
||
| 300 |
_a157 p. : _bill. ; _c18 cm. |
||
| 440 | 2 |
_aA Dungeons & Dragons adventure book _93861 |
|
| 490 | 0 |
_aAn Endless quest book ; _v#16 |
|
| 562 | _e1 | ||
| 650 | 0 | _aPlot-your-own stories. | |
| 650 | 1 |
_aFantasy. _93293 |
|
| 650 | 1 | _aPlot-your-own stories. | |
| 700 | 1 |
_aChaffee, Doug, _eill. _96187 |
|
| 906 |
_a7 _bcbc _corignew _d2 _eopcn _f19 _gy-gencatlg |
||
| 942 |
_2lcc _cBK |
||
| 999 |
_c8173 _d8173 |
||